| 000 | 00918cam a22002895i 4500 | ||
|---|---|---|---|
| 999 |
_c17664 _d17636 |
||
| 001 | 010705581 | ||
| 003 | EG-ScBUE | ||
| 005 | 20210112142206.0 | ||
| 008 | 810817s2007 nyu g 000 1 eng d | ||
| 020 | _a0553260111 | ||
| 020 | _a9780553260113 | ||
| 040 |
_aEG-ScBUE _beng _erda _cEG-ScBUE _dEG-ScBUE |
||
| 082 | 0 | 4 |
_a813.54 _bLUD _222 |
| 100 | 1 |
_aLudlum, Robert, _d1927-2001, _eauthor. |
|
| 245 | 1 | 4 |
_aThe Bourne identity / _cRobert Ludlum. |
| 264 | 1 |
_aNew York : _bBantam Books, _c2007. |
|
| 300 |
_a535 pages ; _c18 cm |
||
| 336 |
_atext _btxt _2rdacontent |
||
| 337 |
_aunmediated _bn _2rdamedia |
||
| 338 |
_avolume _bnc _2rdacarrier |
||
| 600 | 0 | 7 |
_aCarlos, _cthe Jackal _xFiction. _2BUEsh _934149 |
| 650 | 7 |
_aBourne, Jason (Fictitious character) _xFiction. _2BUEsh _934151 |
|
| 650 | 7 |
_aTerrorists _xFiction. _2BUEsh _934152 |
|
| 651 | _2BUEsh | ||
| 653 |
_bHHUUEENN _cOctober2013 _dBestSellers |
||
| 942 |
_2ddc _cBB |
||